| 000 | 00367nam a2200145Ia 4500 | ||
|---|---|---|---|
| 008 | 240624s9999 xx 000 0 und d | ||
| 041 | _aeng | ||
| 082 | _a658.8 SAR | ||
| 100 | _aSARSTEDT MARKO | ||
| 245 | _aCONCISE GUIDE TO MARKET RESEARCH THE PRO | ||
| 250 | _a(3rd ed.) | ||
| 260 |
_c2019 _aLondon _bSpringer |
||
| 300 | _axv, 396 p.; 23 cm. | ||
| 365 |
_cERU _b33 |
||
| 999 |
_c32157 _d32157 |
||